The role of communication in advancing innovation in agricultural production [abstract] /

Elmentve itt :
Bibliográfiai részletek
Szerzők: Pascariu Anka Roxana
Iancu Mihaela
Gordan Marius
Iosim Iasmina
Ciolac Ramona
Adamov Tabita
Iancu Tiberiu
Testületi szerző: 22th Wellmann International Scientific Conference
Dokumentumtípus: Könyv része
Megjelent: Szegedi Tudományegyetem Mezőgazdasági Kar Hódmezővásárhely 2025
Sorozat:Wellmann International Scientific Conference 22
Kulcsszavak:Agrárkommunikáció - előadáskivonat
Tárgyszavak:
Online Access:http://acta.bibl.u-szeged.hu/89801
LEADER 01193naa a2200289 i 4500
001 acta89801
005 20260304130237.0
008 260304s2025 hu o 100 eng d
020 |a 978-963-688-044-6 
040 |a SZTE Egyetemi Kiadványok Repozitórium  |b hun 
041 |a eng 
100 1 |a Pascariu Anka Roxana 
245 1 4 |a The role of communication in advancing innovation in agricultural production   |h [elektronikus dokumentum] :  |b [abstract] /  |c  Pascariu Anka Roxana 
260 |a Szegedi Tudományegyetem Mezőgazdasági Kar  |b Hódmezővásárhely  |c 2025 
300 |a 81 
490 0 |a Wellmann International Scientific Conference  |v 22 
650 4 |a Társadalomtudományok 
650 4 |a Közgazdasági és gazdálkodástudományok 
695 |a Agrárkommunikáció - előadáskivonat 
700 0 1 |a Iancu Mihaela  |e aut 
700 0 1 |a Gordan Marius  |e aut 
700 0 1 |a Iosim Iasmina  |e aut 
700 0 1 |a Ciolac Ramona  |e aut 
700 0 1 |a Adamov Tabita  |e aut 
700 0 1 |a Iancu Tiberiu  |e aut 
711 |a 22th Wellmann International Scientific Conference  |c Hódmezővásárhely  |d 2025. május 15. 
856 4 0 |u http://acta.bibl.u-szeged.hu/89801/1/wellmann_abstracts_2025_081.pdf  |z Dokumentum-elérés